Masterful coaching : Inspire an "impossible future" while producing extraordinary leaders and extraordinary results

In this thoroughly updated edition of his classic book, Hargrove introduces you to Masterful Coaching, the method, Hargrove draws on his in-depth experience of coaching leaders at all levels gained since writing the first edition. The book provides guiding ideas, tools, and methods that will empower...

詳細記述

保存先:
書誌詳細
第一著者: Hargrove, Robert A.
フォーマット: 図書
言語:Undetermined
出版事項: San Francisco, Calif. Jossey-Bass/Pfeiffer 2003
主題:
タグ: タグ追加
タグなし, このレコードへの初めてのタグを付けませんか!
Thư viện lưu trữ: Trung tâm Học liệu Trường Đại học Cần Thơ
LEADER 01602nam a2200217Ia 4500
001 CTU_164418
008 210402s9999 xx 000 0 und d
020 |c 31.78 
082 |a 658.3124 
082 |b H279 
100 |a Hargrove, Robert A. 
245 0 |a Masterful coaching : 
245 0 |b Inspire an "impossible future" while producing extraordinary leaders and extraordinary results 
245 0 |c Robert Hargrove 
260 |a San Francisco, Calif. 
260 |b Jossey-Bass/Pfeiffer 
260 |c 2003 
520 |a In this thoroughly updated edition of his classic book, Hargrove introduces you to Masterful Coaching, the method, Hargrove draws on his in-depth experience of coaching leaders at all levels gained since writing the first edition. The book provides guiding ideas, tools, and methods that will empower you on your own journey to Masterful Coaching. You will learn to empower people to transform who they are as leaders and at the same time their ability to produce results that were previously considered impossible by applying triple loop learning. This is about ripping the blinders off so that people see that who they are, the goals they set, and the plans they make, and actions they take are often part of historical winning strategies that are the source of their past success but that limit them from achieving what's possible or playing a much bigger game. 
650 |a Teams in the workplace,Industrial efficiency,Tổ tại nơi làm việc,Hiệu quả công nghiệp 
904 |i Thoa, Hải 
980 |a Trung tâm Học liệu Trường Đại học Cần Thơ